Parks and Recreation Trivia - Statistics

General Stats
  • This quiz has been taken 2,764 times
  • The average score is 15 of 23
Answer Stats
Hint Answer % Correct
Leslie's favorite food Waffles
95%
Name of Ron's mother and two ex-wives Tammy
94%
Famous miniature horse Lil Sebastian
91%
Name of Andy's band that lasted the longest Mouse Rat
89%
Rival town of Pawnee Eagleton
88%
Land feature near Ann's house The Pit
85%
Evil councilman/orthodontist Jamm
80%
Candy factory in Pawnee Sweetum's
77%
Sweet, beautiful, naive, powerful, etc. character Ann
73%
Character known for hoarding Leslie Knope
73%
Local radio jock #2 The Douche
70%
Whose fault is it? Jerry
67%
Media conglomerate started by Tom and Jean-Ralphio Entertainment 7 20
63%
What Tom Haverford calls the Parks and Recreation office Parks and Rec
62%
Tribe of local Indians Wamapoke
55%
Then he shortened it to... P and R
53%
Ron Swanson's political party Libertarian
49%
Pawnee's sister city is in which country? Venezuela
48%
What Perd Hapley calls his fans Perd-verts
47%
Local radio jock #1 Crazy Ira
43%
Jerry's birthday February 29
36%
Ron Swanson's favorite steakhouse in Indianapolis Mulligan's
36%
Then he elongated it to... Tommy's Place
20%
No matching quizzes found
Score Distribution
Percent of People with Each Score
Percentile by Number Answered
Your Score History
You have not taken this quiz